Music Quiz

Random Music or Billboard Quiz

'Woman' Songs Quiz Stats

 Plays Quiz Updated Aug 7, 2016

Challenge
Share
Tweet
Embed
Score 0/30 Timer 05:00
0 Plays Today
% Correct
Loves
90%
Time
87.3%
Natural
86.9%
Ain't
86.3%
Man
85.4%
Am
84.4%
Pretty
83%
Magic
82.7%
Like
82.4%
Your
81.1%
Always
78.7%
Headed
76.1%
Cry
76.1%
Every
74.5%
You
73.8%
% Correct
Needs
73.7%
Chains
70%
Woman
68.1%
She's
67.6%
Dust
67.5%
American
65.2%
Tokyo
64.4%
Cool
61.9%
Witchy
59.2%
L. A.
53.2%
Evil
51.7%
Reggae
51%
Dangerous
50.6%
Redneck
47.2%
Grown
30.9%

You're not logged in!

Compare scores with friends on all Sporcle quizzes.
OR
Log In

You Might Also Like...

Show Comments

Extras

Top Quizzes Today


Score Distribution

Your Account Isn't Verified!

In order to create a playlist on Sporcle, you need to verify the email address you used during registration. Go to your Sporcle Settings to finish the process.

Report this User

Report this user for behavior that violates our Community Guidelines.

Details: